000 00379nam a2200145 a 4500
005 20140412111404.0
008 060126s19uu xx 00 eng d
020 _a1-84239-544-0
050 _aREF 423
_bJu1
245 _aJunior English dictionary.
260 _aLondon :
_bAlligator Books Ltd.
300 _a436 p.
650 _aEnglish language
_xDictionary
999 _c105522
_d105522